Advanced Electric Drives : (Record no. 586675)

000 -LEADER
fixed length control field 00344nam a22001217a 4500
020 ## - INTERNATIONAL STANDARD BOOK NUMBER
International Standard Book Number 9781118485484
040 ## - CATALOGING SOURCE
Transcribing agency NUST
082 ## - DEWEY DECIMAL CLASSIFICATION NUMBER
Classification number 621.460285
Author Mark MOH
100 ## - MAIN ENTRY--PERSONAL NAME
Personal name Mohan, Ned
9 (RLIN) 68672
245 ## - TITLE STATEMENT
Title Advanced Electric Drives :
Remainder of title Analysis, Control, and Modeling Using MATLAB/Simulink
260 ## - PUBLICATION, DISTRIBUTION, ETC.
Place of publication, distribution, etc. New Jersey:
Name of publisher, distributor, etc. John Wiley,
Date of publication, distribution, etc. 2013.
942 ## - ADDED ENTRY ELEMENTS (KOHA)
Source of classification or shelving scheme
Koha item type Book
Holdings
Withdrawn status Lost status Source of classification or shelving scheme Damaged status Not for loan Permanent Location Current Location Shelving location Date acquired Total Checkouts Full call number Barcode Date last seen Price effective from Koha item type
          College of Electrical & Mechanical Engineering (CEME) College of Electrical & Mechanical Engineering (CEME) General Stacks 11/10/2021   621.460285 MOH CEME-50203 11/10/2021 11/10/2021 Book
© 2023 Central Library, National University of Sciences and Technology. All Rights Reserved.